Memorias de Mamá Blanca

Na minha lista:
Detalhes bibliográficos
Autor principal: Parra, Teresa de la
Formato: Livro
Idioma:Undetermined
Publicado em: París, Francia Le Livre Libre 1929
Assuntos:
Tags: Adicionar Tag
Sem tags, seja o primeiro a adicionar uma tag!

MARC

LEADER 00000nam a2200000Ia 4500
008 170316s9999 xx 000 0 und d
040 |a cru BVZT 
090 |a 860 P-7m 
100 |a Parra, Teresa de la 
245 |a Memorias de Mamá Blanca 
260 |a París, Francia 
260 |b Le Livre Libre 
260 |c 1929 
300 |a 285 páginas 
650 |a LITERATURA LATINOAMERICANA 
999 |c 9111  |d 9111 
942 |c 15 D  |h 860 P-7m  |2 z